Η αγορά εργασίας εν Ελλάδι : αμοιβή της εργασίας και παραγωγικότης
Αποθηκεύτηκε σε:
| Κύριος συγγραφέας: | |
|---|---|
| Μορφή: | Βιβλίο |
| Γλώσσα: | Greek |
| Δημοσίευση: |
Αθήναι :
[χ.ε.],
1974
|
| Θέματα: | |
| Ετικέτες: |
Προσθήκη ετικέτας
Δεν υπάρχουν, Καταχωρήστε ετικέτα πρώτοι!
|
MARC
| LEADER | 00000nam a2200000 i 4500 | ||
|---|---|---|---|
| 001 | 1/65490 | ||
| 008 | 990111s1974 gre d | ||
| 035 | |l 10047144 | ||
| 040 | |a GR-MY-UA |b gre |e aacr | ||
| 041 | 0 | |a gre | |
| 082 | 0 | |a 331.1209495 | |
| 100 | 1 | |a Μουρούτης, Θεόδωρος Χ. | |
| 245 | 1 | 2 | |a Η αγορά εργασίας εν Ελλάδι : |b αμοιβή της εργασίας και παραγωγικότης / |c Θεόδωρος Χ. Μουρούτης |
| 260 | |a Αθήναι : |b [χ.ε.], |c 1974 | ||
| 300 | |a 24 σ.; |c 24 cm | ||
| 500 | |a Ανάτυπον εκ του τόμου " Η αγορά εργασίας εν Ελλάδι" (Εισηγήσεις και Συζητήσεις) Αθήναι 1974 | ||
| 650 | 0 | 0 | |a Labor market |z Greece. |
| 852 | |a INST |b CHIOS |e 19990111 |h 331.1209495 ΜΟΥ |p 005200015151 |q 005200015151 |t BK |y 0 | ||
| 901 | |a BIBL-1999-1 | ||
| 909 | |a Χ |b 055183 | ||
| 922 | |a 2ΕΛΗ |b 199901 |d ΛΕΜΟΝΙΑ | ||
| 970 | |z 2000/08/ΔΕΜΕΝΑΓΑΣ | ||